[Event "DVM U14 2017"]
[Site "Verden/Aller GER"]
[Date "2017.12.28"]
[Round "4"]
[White "Pysarenko, Kyrill"]
[Black "Gallasch, Robin"]
[Result "1/2-1/2"]
[Termination "normal"]
[Board "1.4"]
[WhiteElo "1751"]
[BlackElo "1682"]
[WhiteClock "00:24:26"]
[BlackClock "00:01:37"]
[WhiteTeam "SV Empor Berlin"]
[BlackTeam "SG Porz"]
[PlyCount "103"]
[WhiteFideId "12974250"]
[BlackFideId "16222423"]
[EventCountry "GER"]
[EventRounds "7"]
[EventType "team-swiss"]
[EventDate "2017.12.26"]

1. e4 {[%clk 1:30:58]} c6 {[%clk 1:30:56]} 2. d4 {[%clk 1:31:19]} d5 {[%clk
1:31:23]} 3. Nc3 {[%clk 1:31:44]} dxe4 {[%clk 1:31:50]} 4. Nxe4 {[%clk
1:32:11]} Bf5 {[%clk 1:32:16]} 5. Ng3 {[%clk 1:32:33]} Bg6 {[%clk 1:32:45]} 6.
N1e2 {[%clk 1:32:19]} Nd7 {[%clk 1:33:12]} 7. Nf4 {[%clk 1:32:03]} e6 {[%clk
1:33:33]} 8. Nxg6 {[%clk 1:25:15]} hxg6 {[%clk 1:33:56]} 9. Bd3 {[%clk
1:23:06]} Ngf6 {[%clk 1:32:58]} 10. Ne4 {[%clk 1:22:46]} Nxe4 {[%clk 1:28:22]}
11. Bxe4 {[%clk 1:23:14]} Nf6 {[%clk 1:28:46]} 12. Bf3 {[%clk 1:23:19]} Bd6
{[%clk 1:28:20]} 13. h3 {[%clk 1:21:48]} Qe7 {[%clk 1:24:49]} 14. Qe2 {[%clk
1:18:52]} O-O-O {[%clk 1:22:09]} 15. Bg5 {[%clk 1:16:53]} Qc7 {[%clk 1:20:33]}
16. c3 {[%clk 1:12:02]} Kb8 {[%clk 1:19:58]} 17. a4 {[%clk 1:10:20]} e5 {[%clk
1:15:43]} 18. dxe5 {[%clk 1:06:58]} Bxe5 {[%clk 1:16:04]} 19. O-O {[%clk
1:06:49]} Rde8 {[%clk 0:56:54]} 20. Qc4 {[%clk 1:05:00]} Qc8 {[%clk 0:51:50]}
21. Bf4 {[%clk 0:59:56]} Ka8 {[%clk 0:34:24]} 22. Rfe1 {[%clk 0:51:51]} Bxf4
{[%clk 0:28:48]} 23. Qxf4 {[%clk 0:52:10]} Qb8 {[%clk 0:28:48]} 24. Qc4 {[%clk
0:51:06]} Qc7 {[%clk 0:28:27]} 25. a5 {[%clk 0:41:23]} a6 {[%clk 0:23:56]} 26.
b4 {[%clk 0:35:44]} Rxe1+ {[%clk 0:20:32]} 27. Rxe1 {[%clk 0:36:12]} Rd8 {[%clk
0:20:54]} 28. Qc5 {[%clk 0:33:52]} Kb8 {[%clk 0:16:03]} 29. Re7 {[%clk
0:30:32]} Rd7 {[%clk 0:08:20]} 30. Re1 {[%clk 0:25:50]} Qd6 {[%clk 0:05:18]}
31. Qxd6+ {[%clk 0:21:11]} Rxd6 {[%clk 0:05:41]} 32. Re7 {[%clk 0:21:39]} Rd7
{[%clk 0:05:58]} 33. Rxd7 {[%clk 0:21:08]} Nxd7 {[%clk 0:06:23]} 34. Kf1 {[%clk
0:20:00]} Kc7 {[%clk 0:04:42]} 35. Ke2 {[%clk 0:18:47]} f5 {[%clk 0:01:29]} 36.
Ke3 {[%clk 0:16:54]} Ne5 {[%clk 0:00:38]} 37. Bd1 {[%clk 0:16:19]} Kd6 {[%clk
0:00:45]} 38. Kd4 {[%clk 0:15:21]} Nd7 {[%clk 0:00:37]} 39. Bf3 {[%clk
0:11:36]} Nf8 {[%clk 0:00:38]} 40. c4 {[%clk 0:09:03]} Ne6+ {[%clk 0:00:50]}
41. Kc3 {[%clk 0:08:36]} Ng5 {[%clk 0:28:22]} 42. Kd4 {[%clk 0:39:14]} Nxf3+
{[%clk 0:26:49]} 43. gxf3 {[%clk 0:39:42]} g5 {[%clk 0:26:31]} 44. Kd3 {[%clk
0:34:15]} c5 {[%clk 0:11:48]} 45. b5 {[%clk 0:30:03]} Ke6 {[%clk 0:11:26]} 46.
Ke2 {[%clk 0:26:55]} Kf6 {[%clk 0:08:40]} 47. Kd3 {[%clk 0:26:01]} Ke5 {[%clk
0:04:34]} 48. Ke3 {[%clk 0:26:14]} g6 {[%clk 0:04:17]} 49. Kd3 {[%clk 0:26:35]}
Kf4 {[%clk 0:03:12]} 50. Ke2 {[%clk 0:26:53]} Ke5 {[%clk 0:02:51]} 51. Ke3
{[%clk 0:24:17]} f4+ {[%clk 0:01:37]} 52. Kd3 {[%clk 0:24:26]} 1/2-1/2

[Event "DVM U14 2017"]
[Site "Verden/Aller GER"]
[Date "2017.12.28"]
[Round "4"]
[White "Henning, Marvin"]
[Black "Hörkner, Nico"]
[Result "1/2-1/2"]
[Termination "normal"]
[Board "2.2"]
[WhiteElo "2004"]
[BlackElo "1605"]
[WhiteClock "00:30:55"]
[BlackClock "00:26:33"]
[WhiteTeam "Reideburger SV 90 Halle"]
[BlackTeam "SK König Plauen"]
[PlyCount "40"]
[WhiteFideId "12957399"]
[BlackFideId "12974900"]
[EventCountry "GER"]
[EventRounds "7"]
[EventType "team-swiss"]
[EventDate "2017.12.26"]

1. e4 {[%clk 1:30:50]} c5 {[%clk 1:30:47]} 2. Nc3 {[%clk 1:31:00]} e6 {[%clk
1:30:54]} 3. f4 {[%clk 1:30:58]} Nc6 {[%clk 1:30:45]} 4. Nf3 {[%clk 1:31:09]}
a6 {[%clk 1:30:45]} 5. g3 {[%clk 1:30:44]} b5 {[%clk 1:28:38]} 6. Bg2 {[%clk
1:30:00]} Bb7 {[%clk 1:28:11]} 7. O-O {[%clk 1:29:16]} d5 {[%clk 1:23:07]} 8.
exd5 {[%clk 1:23:29]} exd5 {[%clk 1:23:12]} 9. Ne5 {[%clk 1:22:12]} Nf6 {[%clk
1:20:02]} 10. d3 {[%clk 1:14:42]} Be7 {[%clk 1:16:26]} 11. Ng4 {[%clk 1:04:24]}
O-O {[%clk 1:10:00]} 12. f5 {[%clk 0:55:57]} Nd4 {[%clk 1:00:23]} 13. Ne2
{[%clk 0:50:13]} Nxe2+ {[%clk 0:48:59]} 14. Qxe2 {[%clk 0:50:40]} Re8 {[%clk
0:48:14]} 15. c3 {[%clk 0:42:10]} Nxg4 {[%clk 0:40:51]} 16. Qxg4 {[%clk
0:42:36]} Qb6 {[%clk 0:40:06]} 17. Bf4 {[%clk 0:37:46]} Bf6 {[%clk 0:36:09]}
18. Qf3 {[%clk 0:34:54]} Re7 {[%clk 0:31:59]} 19. Qf2 {[%clk 0:30:25]} Rae8
{[%clk 0:28:17]} 20. Rae1 {[%clk 0:30:55]} d4 {[%clk 0:26:33]} 1/2-1/2

[Event "DVM U14 2017"]
[Site "Verden/Aller GER"]
[Date "2017.12.28"]
[Round "4"]
[White "Ertl, Liam"]
[Black "Hundrieser, Malte"]
[Result "0-1"]
[Termination "normal"]
[Board "2.3"]
[WhiteElo "1395"]
[BlackElo "2005"]
[WhiteClock "00:07:34"]
[BlackClock "01:25:09"]
[WhiteTeam "SK König Plauen"]
[BlackTeam "Reideburger SV 90 Halle"]
[PlyCount "54"]
[WhiteFideId "12993263"]
[BlackFideId "12997153"]
[EventCountry "GER"]
[EventRounds "7"]
[EventType "team-swiss"]
[EventDate "2017.12.26"]

1. e4 {[%clk 1:30:55]} c5 {[%clk 1:30:47]} 2. Nf3 {[%clk 1:31:12]} Nc6 {[%clk
1:30:48]} 3. d4 {[%clk 1:31:19]} cxd4 {[%clk 1:31:14]} 4. Nxd4 {[%clk 1:31:37]}
g6 {[%clk 1:31:39]} 5. Nc3 {[%clk 1:28:52]} Bg7 {[%clk 1:32:01]} 6. Be3 {[%clk
1:28:27]} Nf6 {[%clk 1:32:18]} 7. Bc4 {[%clk 1:25:43]} O-O {[%clk 1:32:36]} 8.
O-O {[%clk 1:25:46]} d6 {[%clk 1:32:28]} 9. h3 {[%clk 1:22:28]} Bd7 {[%clk
1:32:16]} 10. Qd2 {[%clk 1:14:24]} Rc8 {[%clk 1:32:11]} 11. a3 {[%clk 1:12:33]}
Nxd4 {[%clk 1:32:15]} 12. Bxf7+ {[%clk 0:55:19]} Rxf7 {[%clk 1:32:10]} 13. Bxd4
{[%clk 0:52:53]} Bc6 {[%clk 1:31:55]} 14. Rfe1 {[%clk 0:47:01]} Nd7 {[%clk
1:30:49]} 15. Rad1 {[%clk 0:31:49]} Bxd4 {[%clk 1:30:48]} 16. Qxd4 {[%clk
0:31:16]} Qb6 {[%clk 1:31:07]} 17. Qxb6 {[%clk 0:26:56]} Nxb6 {[%clk 1:30:21]}
18. Rd4 {[%clk 0:21:04]} Be8 {[%clk 1:25:11]} 19. Rb4 {[%clk 0:15:02]} Rc4
{[%clk 1:25:16]} 20. Rxc4 {[%clk 0:14:22]} Nxc4 {[%clk 1:25:42]} 21. Rb1 {[%clk
0:13:27]} Bc6 {[%clk 1:25:50]} 22. f3 {[%clk 0:12:55]} b5 {[%clk 1:25:29]} 23.
Ne2 {[%clk 0:10:10]} a5 {[%clk 1:25:08]} 24. Nd4 {[%clk 0:09:49]} Bd7 {[%clk
1:25:28]} 25. Kf2 {[%clk 0:09:15]} e5 {[%clk 1:25:18]} 26. Ne2 {[%clk 0:08:10]}
Kf8 {[%clk 1:25:02]} 27. Nc3 {[%clk 0:07:34]} Bc6 {[%clk 1:25:09]} 0-1

[Event "DVM U14 2017"]
[Site "Verden/Aller GER"]
[Date "2017.12.28"]
[Round "4"]
[White "Seidel, Arne Christian"]
[Black "Melitzki, Richard"]
[Result "1-0"]
[Termination "normal"]
[Board "2.4"]
[WhiteElo "1580"]
[BlackElo "1230"]
[WhiteClock "01:28:30"]
[BlackClock "00:31:38"]
[WhiteTeam "Reideburger SV 90 Halle"]
[BlackTeam "SK König Plauen"]
[PlyCount "53"]
[WhiteFideId "16235142"]
[BlackFideId "16223420"]
[EventCountry "GER"]
[EventRounds "7"]
[EventType "team-swiss"]
[EventDate "2017.12.26"]

1. d4 {[%clk 1:30:50]} d5 {[%clk 1:30:12]} 2. c4 {[%clk 1:31:02]} e6 {[%clk
1:30:24]} 3. Nf3 {[%clk 1:31:14]} Nf6 {[%clk 1:29:31]} 4. g3 {[%clk 1:31:23]}
c5 {[%clk 1:28:55]} 5. cxd5 {[%clk 1:30:33]} exd5 {[%clk 1:28:42]} 6. Bg2
{[%clk 1:29:03]} Nc6 {[%clk 1:26:16]} 7. O-O {[%clk 1:29:04]} Be6 {[%clk
1:25:54]} 8. Nc3 {[%clk 1:28:53]} Qd7 {[%clk 1:24:47]} 9. Ne5 {[%clk 1:28:51]}
Nxe5 {[%clk 1:23:36]} 10. dxe5 {[%clk 1:29:20]} Ng4 {[%clk 1:20:44]} 11. Nxd5
{[%clk 1:29:02]} Bxd5 {[%clk 1:20:57]} 12. Qxd5 {[%clk 1:29:13]} Qxd5 {[%clk
1:21:18]} 13. Bxd5 {[%clk 1:29:42]} Nxe5 {[%clk 1:21:21]} 14. Bxb7 {[%clk
1:30:03]} Rd8 {[%clk 1:21:23]} 15. Bf4 {[%clk 1:30:13]} Bd6 {[%clk 1:21:24]}
16. Rfd1 {[%clk 1:29:23]} O-O {[%clk 1:21:49]} 17. Rxd6 {[%clk 1:29:18]} Rxd6
{[%clk 1:21:59]} 18. Bxe5 {[%clk 1:29:47]} Re6 {[%clk 1:22:09]} 19. Bc3 {[%clk
1:29:55]} Rxe2 {[%clk 1:05:44]} 20. Bf3 {[%clk 1:29:51]} Re6 {[%clk 1:02:33]}
21. Rd1 {[%clk 1:29:36]} h6 {[%clk 1:02:46]} 22. Rd7 {[%clk 1:29:52]} a6 {[%clk
1:02:59]} 23. Rc7 {[%clk 1:30:14]} Rd8 {[%clk 1:01:27]} 24. Rxc5 {[%clk
1:30:30]} Rde8 {[%clk 0:42:30]} 25. Rc7 {[%clk 1:30:11]} Rd6 {[%clk 0:36:59]}
26. Ra7 {[%clk 1:28:44]} Ree6 {[%clk 0:31:38]} 27. Bh5 {[%clk 1:28:30]} 1-0

[Event "DVM U14 2017"]
[Site "Verden/Aller GER"]
[Date "2017.12.28"]
[Round "4"]
[White "Huber, Benedikt"]
[Black "Krastev, Alexander"]
[Result "0-1"]
[Termination "normal"]
[Board "3.1"]
[WhiteElo "2015"]
[BlackElo "2004"]
[WhiteTeam "SK München Südost"]
[BlackTeam "Biebertaler SF"]
[PlyCount "112"]
[WhiteFideId "12923583"]
[BlackFideId "12989983"]
[EventCountry "GER"]
[EventRounds "7"]
[EventType "team-swiss"]
[EventDate "2017.12.26"]

1. d4 Nf6 2. Bf4 b6 3. e3 Bb7 4. Nf3 e6 5. Bd3 d6 6. Nbd2 Nbd7 7. h3 Qe7 8. Bh2
g6 9. O-O Bg7 10. c3 O-O 11. Qe2 a5 12. Rad1 Rfd8 13. e4 e5 14. dxe5 dxe5 15.
Nc4 Nh5 16. Qe3 h6 17. g4 Nf4 18. Bxf4 exf4 19. Qxf4 Nc5 20. Bc2 Nxe4 21. Rde1
Ng5 22. Nxg5 Qxg5 23. Qxc7 Ba6 24. Nd6 Qf4 25. Ne8 Qxc7 26. Nxc7 Bxf1 27. Nxa8
Bxh3 28. Nxb6 Bxg4 29. Bb3 Kf8 30. Nc4 Rd5 31. Ba4 Be6 32. Re4 h5 33. a3 Bf6
34. Ne3 Rd2 35. Nc4 Rd5 36. Ne3 Rc5 37. Kg2 Kg7 38. Kh2 g5 39. Bd1 Be5+ 40. Kg1
f5 41. b4 fxe4 42. bxc5 g4 43. Bc2 Bxc3 44. Bxe4 Bd4 45. c6 Bxe3 46. fxe3 Kf6
47. Kh2 h4 48. a4 Ke5 49. Bd3 g3+ 50. Kg1 h3 51. c7 Bc8 52. Bg6 Kd6 53. e4 Kxc7
54. Bf7 Kd6 55. Bd5 Ke5 56. Bc6 Bg4 {Aufgabe Weiß} 0-1

[Event "DVM U14 2017"]
[Site "Verden/Aller GER"]
[Date "2017.12.28"]
[Round "4"]
[White "Engert, Kiyan"]
[Black "Lohvinov, Petro"]
[Result "1-0"]
[Termination "normal"]
[Board "3.2"]
[WhiteElo "1560"]
[BlackElo "1854"]
[WhiteTeam "Biebertaler SF"]
[BlackTeam "SK München Südost"]
[PlyCount "95"]
[WhiteFideId "16214870"]
[BlackFideId "14176661"]
[EventCountry "GER"]
[EventRounds "7"]
[EventType "team-swiss"]
[EventDate "2017.12.26"]

1. d4 Nf6 2. Nf3 e6 3. Bf4 b6 4. e3 Bb7 5. Be2 Be7 6. O-O O-O 7. h3 Ne4 8. Nbd2
d6 9. c3 Nd7 10. Nxe4 Bxe4 11. Nd2 Bb7 12. Bf3 Qc8 13. Qc2 d5 14. Rac1 c5 15.
c4 Nf6 16. Bh2 Rd8 17. a3 cxd4 18. exd4 dxc4 19. Qxc4 Qxc4 20. Rxc4 Nd5 21.
Rfc1 Bf6 22. Ne4 b5 23. Nxf6+ gxf6 24. Rc5 a6 25. b4 Rac8 26. Bxd5 Rxc5 27.
dxc5 Rxd5 28. Bd6 Bc6 29. Be7 Rd3 30. Bxf6 Kf8 31. Rc3 Rxc3 32. Bxc3 Ke7 33. g4
f6 34. f4 Be4 35. Kf2 Bc6 36. Ke3 Bd5 37. h4 Bc6 38. g5 fxg5 39. hxg5 Bd5 40.
Kd4 Bc6 41. Ke5 Bd7 42. Be1 Be8 43. Bh4 Bg6 44. c6 Kd8 45. Kxe6 Kc7 46. f5 Bh5
47. f6 Kxc6 48. f7 {Aufgabe Schwarz} 1-0

[Event "DVM U14 2017"]
[Site "Verden/Aller GER"]
[Date "2017.12.28"]
[Round "4"]
[White "Costa, Leonardo"]
[Black "Grunwald, Jonathan"]
[Result "1-0"]
[Termination "normal"]
[Board "3.3"]
[WhiteElo "1851"]
[BlackElo "1678"]
[WhiteTeam "SK München Südost"]
[BlackTeam "Biebertaler SF"]
[PlyCount "58"]
[WhiteFideId "16213955"]
[BlackFideId "12955744"]
[EventCountry "GER"]
[EventRounds "7"]
[EventType "team-swiss"]
[EventDate "2017.12.26"]

1. e4 e5 2. Nf3 Nc6 3. Bc4 Bc5 4. c3 Nf6 5. d3 O-O 6. O-O h6 7. b4 Bb6 8. b5
Na5 9. Nxe5 d6 10. Nxf7 Rxf7 11. Bxf7+ Kxf7 12. Nd2 c6 13. bxc6 Nxc6 14. Nc4
Bc7 15. Bf4 d5 16. Bxc7 Qxc7 17. exd5 Nb8 18. Re1 Nbd7 19. Qf3 Nb6 20. d6 Qd8
21. Re7+ Kg8 22. Qg3 Qf8 23. Ne5 Nh5 24. Qh4 Nf4 25. Rf7 Ne2+ 26. Kh1 Qxd6 27.
d4 Nd7 28. Qd8+ Kh7 29. Nxd7 Qe6 {Aufgabe Schwarz} 1-0

[Event "DVM U14 2017"]
[Site "Verden/Aller GER"]
[Date "2017.12.28"]
[Round "4"]
[White "Peschel, Julia"]
[Black "Klonov, Jakov"]
[Result "0-1"]
[Termination "normal"]
[Board "3.4"]
[WhiteElo "1514"]
[BlackElo "1262"]
[WhiteTeam "Biebertaler SF"]
[BlackTeam "SK München Südost"]
[PlyCount "104"]
[WhiteFideId "16255593"]
[BlackFideId "16211928"]
[EventCountry "GER"]
[EventRounds "7"]
[EventType "team-swiss"]
[EventDate "2017.12.26"]

1. e4 c5 2. c3 Nf6 3. e5 Nd5 4. d4 cxd4 5. Nf3 g6 6. Bc4 Nb6 7. Bb3 Bg7 8. Ng5
O-O 9. cxd4 h6 10. Nf3 Nc6 11. O-O d6 12. h3 dxe5 13. dxe5 Bf5 14. Nc3 Qc7 15.
Bf4 Rad8 16. Qc1 g5 17. Bg3 Nxe5 18. Nxe5 Bxe5 19. Nb5 Qxc1 20. Raxc1 Bd3 21.
Rfe1 Bxg3 22. fxg3 Bxb5 23. Rxe7 Bc6 24. Rf1 Rd2 25. Bxf7+ Kh8 26. Rf2 Rxf2 27.
Kxf2 Kg7 28. Kg1 Rxf7 29. Rxf7+ Kxf7 30. Kf2 Kf6 31. g4 Ke5 32. g3 Kd4 33. Ke2
Bg2 34. h4 Bh3 35. Kf3 Nc4 36. hxg5 hxg5 37. b4 Na3 38. Ke2 Bxg4+ 39. Kd2 Kc4
40. Ke3 Kxb4 41. Ke4 Be6 42. Ke5 Bxa2 43. Kf5 b5 44. Kxg5 Kc3 45. g4 b4 46. Kf6
b3 47. g5 b2 48. g6 b1=Q 49. g7 Qb6+ 50. Ke7 Kd4 51. Kd7 Ke5 52. Kc8 Be6# 0-1

[Event "DVM U14 2017"]
[Site "Verden/Aller GER"]
[Date "2017.12.28"]
[Round "4"]
[White "Jahrke, Jonas"]
[Black "Triantafillidis, Simeon"]
[Result "1/2-1/2"]
[Termination "normal"]
[Board "4.1"]
[WhiteElo "1747"]
[BlackElo "1808"]
[WhiteTeam "SF Katernberg"]
[BlackTeam "SF HN-Biberach"]
[PlyCount "65"]
[WhiteFideId "12984353"]
[BlackFideId "12953113"]
[EventCountry "GER"]
[EventRounds "7"]
[EventType "team-swiss"]
[EventDate "2017.12.26"]

1. e4 e5 2. Nf3 Nc6 3. Bc4 Nf6 4. d3 Be7 5. O-O O-O 6. c3 d6 7. h3 Na5 8. Bb5
c5 9. Re1 a6 10. Ba4 b5 11. Bc2 Nc6 12. d4 cxd4 13. cxd4 Qc7 14. Be3 Nb4 15.
Bd3 Bb7 16. d5 Nxe4 17. Bxe4 f5 18. Bxf5 Rxf5 19. Nc3 Qc4 20. Rc1 Nxd5 21. Nxd5
Qxd5 22. Qxd5+ Bxd5 23. Nd2 Raf8 24. Rc7 Bg5 25. g4 Bxe3 26. gxf5 Bxd2 27. Rd1
Ba5 28. Ra7 Bc4 29. Rxd6 Rxf5 30. Rdxa6 Rg5+ 31. Kh2 Bd2 32. Ra8+ Kf7 33. R8a7+
1/2-1/2

[Event "DVM U14 2017"]
[Site "Verden/Aller GER"]
[Date "2017.12.28"]
[Round "4"]
[White "Geltz, Noah"]
[Black "Gallas, Noel"]
[Result "1/2-1/2"]
[Termination "normal"]
[Board "4.2"]
[WhiteElo "1719"]
[BlackElo "1696"]
[WhiteTeam "SF HN-Biberach"]
[BlackTeam "SF Katernberg"]
[PlyCount "72"]
[WhiteFideId "16224256"]
[BlackFideId "16216059"]
[EventCountry "GER"]
[EventRounds "7"]
[EventType "team-swiss"]
[EventDate "2017.12.26"]

1. e4 e6 2. b3 d5 3. Bb2 dxe4 4. Nc3 Nf6 5. Qe2 Nbd7 6. O-O-O b6 7. g4 Bb7 8.
Bg2 Nc5 9. h4 Nd5 10. Bxe4 Nxe4 11. Nxe4 Qd7 12. Nh3 O-O-O 13. Rhg1 h6 14. Rde1
Rg8 15. f4 f5 16. Nc3 Bc5 17. Rg3 Rde8 18. Nxd5 exd5 19. Be5 fxg4 20. Qxg4 Bc6
21. Rf1 Qxg4 22. Rxg4 Bd7 23. Rg3 Bxh3 24. Rxh3 g5 25. d4 Ba3+ 26. Kd1 gxf4 27.
Rhf3 Ref8 28. Bxf4 h5 29. Bg5 Rxf3 30. Rxf3 Rf8 31. Rf6 Rxf6 32. Bxf6 Kd7 33.
Be5 Be7 34. Bg3 c6 35. Ke2 Ke6 36. Kf3 Kf5 1/2-1/2

[Event "DVM U14 2017"]
[Site "Verden/Aller GER"]
[Date "2017.12.28"]
[Round "4"]
[White "Gerold, Robin"]
[Black "Zamhöfer, Luca"]
[Result "0-1"]
[Termination "normal"]
[Board "4.4"]
[WhiteElo "1319"]
[BlackElo "1367"]
[WhiteTeam "SF HN-Biberach"]
[BlackTeam "SF Katernberg"]
[PlyCount "110"]
[WhiteFideId "16235185"]
[BlackFideId "16216040"]
[EventCountry "GER"]
[EventRounds "7"]
[EventType "team-swiss"]
[EventDate "2017.12.26"]

1. e4 c5 2. Nf3 d6 3. Bb5+ Bd7 4. Bxd7+ Qxd7 5. O-O Nf6 6. Re1 Nc6 7. c4 g6 8.
Nc3 Bg7 9. d3 O-O 10. Bd2 a6 11. Qc2 Nb4 12. Qb1 b5 13. b3 Rfb8 14. Be3 Ng4 15.
d4 bxc4 16. bxc4 Nc6 17. Qd3 cxd4 18. Nxd4 Nge5 19. Qe2 Na5 20. Rab1 Naxc4 21.
Bf4 Rc8 22. Nd5 Nc6 23. Qxc4 Nxd4 24. Nb6 Rxc4 25. Nxd7 Rc7 26. Nb6 Rb8 27. Nd5
Rbb7 28. Rxb7 Rxb7 29. Kf1 Kf8 30. Rc1 Rb8 31. Nc7 Ne6 32. Nxe6+ fxe6 33. g3
Bd4 34. Bh6+ Kf7 35. Rd1 Bc5 36. Rd3 e5 37. Rf3+ Ke6 38. Be3 Rb5 39. Bxc5 dxc5
40. Ra3 a5 41. h4 Kd6 42. Kg2 c4 43. Kh3 h5 44. Rc3 Kc5 45. g4 a4 46. Kg3 Rb3
47. axb3 axb3 48. Rc1 b2 49. Rb1 c3 50. gxh5 gxh5 51. Kf3 c2 52. Rxb2 c1=Q 53.
Rb8 Qd1+ 54. Kg2 Qg4+ 55. Kf1 Qxe4 0-1

[Event "DVM U14 2017"]
[Site "Verden/Aller GER"]
[Date "2017.12.28"]
[Round "4"]
[White "Kotyk, Michael"]
[Black "Kostanyan, Hakob"]
[Result "1-0"]
[Termination "normal"]
[Board "5.1"]
[WhiteElo "1916"]
[BlackElo "1877"]
[WhiteTeam "Hamburger SK"]
[BlackTeam "SC Weisse Dame"]
[PlyCount "110"]
[WhiteFideId "16214501"]
[BlackFideId "12977683"]
[EventCountry "GER"]
[EventRounds "7"]
[EventType "team-swiss"]
[EventDate "2017.12.26"]

1. d4 Nf6 2. c4 g6 3. Nc3 Bg7 4. e4 d6 5. Be2 O-O 6. Bg5 e5 7. d5 a5 8. g4 Na6
9. h4 h6 10. Be3 Nh7 11. Qd2 g5 12. h5 Bd7 13. f3 Qe7 14. Bd1 Kh8 15. Nge2 Nf6
16. Ng3 Ng8 17. Kf2 Qf6 18. Nf5 Ne7 19. Rb1 Rfb8 20. Be2 Nxf5 21. gxf5 Qe7 22.
b3 b6 23. a3 f6 24. Kg3 Bf8 25. Qe1 Qe8 26. Qf2 Nc5 27. Kg4 Be7 28. Na2 b5 29.
Bxc5 dxc5 30. cxb5 Bxb5 31. a4 Bd7 32. Nc3 Rb7 33. Bb5 Bd6 34. Qc2 Kh7 35. Bxd7
Qxd7 36. Nb5 Rbb8 37. Kg3 Qc8 38. Rhd1 Kg7 39. Rd3 Qg8 40. Rbd1 Qf7 41. Re3 Qe7
42. Rc3 Rb7 43. Rc4 Raa7 44. Nc3 Ra8 45. Kg4 Rb4 46. Nb5 Rxc4 47. bxc4 Qd8 48.
Rb1 Rb8 49. Kg3 Rb6 50. Qc3 Qa8 51. Qe1 Kh7 52. Nxd6 Rxd6 53. Rb5 Qa7 54. Qg1
c6 55. Qxc5 Qb8 {Aufgabe Schwarz} 1-0

[Event "DVM U14 2017"]
[Site "Verden/Aller GER"]
[Date "2017.12.28"]
[Round "4"]
[White "Grabbel, Lennart Christian"]
[Black "Tham, Nam"]
[Result "0-1"]
[Termination "normal"]
[Board "5.3"]
[WhiteElo "1674"]
[BlackElo "1796"]
[WhiteTeam "Hamburger SK"]
[BlackTeam "SC Weisse Dame"]
[PlyCount "130"]
[WhiteFideId "16201620"]
[BlackFideId "12997331"]
[EventCountry "GER"]
[EventRounds "7"]
[EventType "team-swiss"]
[EventDate "2017.12.26"]

1. Nf3 d5 2. d4 e6 3. c4 c6 4. e3 f5 5. Nc3 Nf6 6. Qc2 Bd6 7. g3 O-O 8. c5 Bc7
9. Bg2 Ne4 10. O-O Nd7 11. b4 e5 12. dxe5 Nxe5 13. Nxe5 Bxe5 14. Bb2 Qf6 15.
Nd1 Bd7 16. Rc1 Be8 17. Bxe5 Qxe5 18. Nb2 a5 19. Nd3 Qc7 20. a3 Bh5 21. Nf4 Qf7
22. Nxh5 Qxh5 23. Rfd1 Rf6 24. b5 Rh6 25. h4 Rf8 26. Qa4 Rg6 27. bxc6 bxc6 28.
Qxa5 Qe2 29. Qe1 Qg4 30. Rc2 Nf6 31. Ra1 Qa4 32. Qb1 Nh5 33. Rb2 h6 34. Rb4 Qa5
35. Bf3 Nxg3 36. fxg3 Rxg3+ 37. Kf2 Rg6 38. Qc2 Qc7 39. Rf4 Qe5 40. Rd1 Re8 41.
Qd2 Rb8 42. Qd4 Qe6 43. Bh5 Rf6 44. Qc3 Kh7 45. Rg1 Qd7 46. Be2 Re8 47. Bd3 Qe7
48. Bc2 Qf7 49. Bd1 Re4 50. Bf3 d4 51. Qd3 dxe3+ 52. Kg3 Rg6+ 53. Bg4 Rxg4+ 54.
Rxg4 Rxg4+ 55. Kh2 Qa2+ 56. Kh3 Rxg1 57. Qxf5+ Kh8 58. Qf8+ Qg8 59. Qe7 Qb8 60.
Qxe3 Rb1 61. Qe4 Qb3+ 62. Kg4 Rg1+ 63. Kf5 Qf7+ 64. Ke5 Qe7+ 65. Kd4 Rd1+ 0-1

[Event "DVM U14 2017"]
[Site "Verden/Aller GER"]
[Date "2017.12.28"]
[Round "4"]
[White "Movsisyan, Andranik"]
[Black "Klaas, Heiko"]
[Result "0-1"]
[Termination "normal"]
[Board "5.4"]
[WhiteElo "1700"]
[BlackElo "1618"]
[WhiteTeam "SC Weisse Dame"]
[BlackTeam "Hamburger SK"]
[PlyCount "76"]
[WhiteFideId "16240391"]
[BlackFideId "16215940"]
[EventCountry "GER"]
[EventRounds "7"]
[EventType "team-swiss"]
[EventDate "2017.12.26"]

1. e4 e5 2. Nf3 Nc6 3. Bc4 Bc5 4. d3 Nf6 5. Bg5 h6 6. Bxf6 Qxf6 7. Nc3 d6 8.
Qe2 Bg4 9. Nd5 Qd8 10. h3 Nd4 11. Qd1 Nxf3+ 12. gxf3 Bh5 13. Qe2 O-O 14. O-O-O
c6 15. Ne3 a5 16. Ng4 b5 17. Bxf7+ Rxf7 18. Rdg1 Kh7 19. Rg2 b4 20. Rhg1 a4 21.
d4 Bxd4 22. Qc4 b3 23. cxb3 axb3 24. a3 d5 25. Qe2 Ra5 26. exd5 Qxd5 27. Qe4+
Qxe4 28. fxe4 Rc5+ 29. Kd2 Rc2+ 30. Ke1 Bxb2 31. f4 Bc3+ 32. Kf1 Rxf4+ 33. Rf2
Bxg4 34. Rxf4 Bxh3+ 35. Rg2 b2 36. Kg1 Rxg2+ 37. Kh1 b1=Q+ 38. Rf1 Qxf1# 0-1

[Event "DVM U14 2017"]
[Site "Verden/Aller GER"]
[Date "2017.12.28"]
[Round "4"]
[White "Hüls, Maximilian"]
[Black "Abele, Anais"]
[Result "1-0"]
[Termination "normal"]
[Board "6.1"]
[WhiteElo "1944"]
[BlackElo "1666"]
[WhiteTeam "SV Mattnetz Berlin"]
[BlackTeam "SC Aurich"]
[PlyCount "93"]
[WhiteFideId "12949698"]
[BlackFideId "16208927"]
[EventCountry "GER"]
[EventRounds "7"]
[EventType "team-swiss"]
[EventDate "2017.12.26"]

1. e4 c5 2. c3 d5 3. exd5 Qxd5 4. d4 Nf6 5. Nf3 Bg4 6. Be2 e6 7. Be3 cxd4 8.
cxd4 Bb4+ 9. Nc3 Qa5 10. Qb3 O-O 11. O-O Nbd7 12. a3 Bxc3 13. bxc3 Nd5 14. Bd2
Qc7 15. c4 N5b6 16. Rac1 Rac8 17. Ba5 Qb8 18. h3 Bh5 19. Rfd1 e5 20. Rd2 exd4
21. Rxd4 Nc5 22. Qb5 Nbd7 23. Bd2 a6 24. Qb4 Qa7 25. Rd5 Nf6 26. Re5 Bxf3 27.
gxf3 Rfe8 28. Rxe8+ Rxe8 29. Be3 b6 30. Rb1 Nfd7 31. f4 h6 32. Bf3 Qc7 33. Rd1
Nf6 34. Rd4 Nfd7 35. Qb1 Ne6 36. Rd3 Nec5 37. Rd2 Rc8 38. Qd1 Nf6 39. Rd6 Qa7
40. Qb1 Rb8 41. Qf5 Qc7 42. Rc6 Qd7 43. Qb1 Qa7 44. Bd4 Nfd7 45. Bd5 Nf8 46.
Be5 Re8 47. Rc7 {Aufgabe Schwarz} 1-0

[Event "DVM U14 2017"]
[Site "Verden/Aller GER"]
[Date "2017.12.28"]
[Round "4"]
[White "Dirks, Simon"]
[Black "Bui, Bao Anh Le"]
[Result "0-1"]
[Termination "normal"]
[Board "6.2"]
[WhiteElo "1281"]
[BlackElo "1942"]
[WhiteTeam "SC Aurich"]
[BlackTeam "SV Mattnetz Berlin"]
[PlyCount "38"]
[WhiteFideId "16255666"]
[BlackFideId "12970719"]
[EventCountry "GER"]
[EventRounds "7"]
[EventType "team-swiss"]
[EventDate "2017.12.26"]

1. d4 d5 2. c4 e6 3. Nc3 c6 4. Nf3 dxc4 5. a4 Bb4 6. Bd2 a5 7. e3 b5 8. axb5
Bxc3 9. Bxc3 cxb5 10. b3 Bb7 11. bxc4 b4 12. Bb2 Nf6 13. Bd3 Nbd7 14. O-O O-O
15. c5 Qc7 16. Nd2 a4 17. Rxa4 Qc6 18. e4 Qxa4 19. e5 Qxd1 {Aufgabe Weiß} 0-1